| 000 | 00994cam a2200301 a 4500 | ||
|---|---|---|---|
| 001 | 10527619 | ||
| 003 | NUST - PNEC | ||
| 005 | 20170116181133.0 | ||
| 006 | m d | ||
| 007 | cr n | ||
| 008 | 881216s1990 nyua sb 001 0 eng d | ||
| 020 | _a007034910X | ||
| 035 | _a(WaSeSS)ssj0000331984 | ||
| 040 |
_aDLC _cLIBRARY _dDLC _dWaSeSS |
||
| 050 | 4 |
_aTP156.D5 _bK56 1990 |
|
| 082 | 0 | 0 |
_a660.28425 KIS _219 |
| 100 | 1 | _aKister, Henry Z. | |
| 210 | 1 | 0 | _aDistillation operations |
| 245 | 1 | 0 |
_aDistillation operations _h[electronic resource] / _cHenry Z. Kister. |
| 260 |
_aNew York : _bMcGraw-Hill, _cc1990. |
||
| 504 | _aIncludes bibliographical references (p. 687-703). | ||
| 506 | _aLicense restrictions may limit access. | ||
| 650 | 0 |
_aDistillation. _xME |
|
| 773 | 0 | _tAccessEngineering | |
| 856 | 4 | 0 |
_uhttp://www.columbia.edu/cgi-bin/cul/resolve?clio10527619 _zFull text available from AccessEngineering |
| 910 | _aLibrary of Congress record | ||
| 942 |
_2ddc _cBK |
||
| 999 |
_c70055 _d70055 |
||